The art of case study research / (Record no. 17916)
[ view plain ]
| 000 -LEADER | |
|---|---|
| fixed length control field | 00818 am a22002655a 4500 |
| 001 - CONTROL NUMBER | |
| control field | 012006990 |
| 005 - DATE AND TIME OF LATEST TRANSACTION | |
| control field | 20201124142300.0 |
| 008 - FIXED-LENGTH DATA ELEMENTS--GENERAL INFORMATION | |
| fixed length control field | 950619t1995 xxu frb 001 0 eng d |
| 020 ## - INTERNATIONAL STANDARD BOOK NUMBER | |
| International Standard Book Number | 0803957661 (hbk) |
| 020 ## - INTERNATIONAL STANDARD BOOK NUMBER | |
| International Standard Book Number | 080395767X (pbk) |
| 035 ## - SYSTEM CONTROL NUMBER | |
| System control number | (UkCU)c899273258 |
| 040 ## - CATALOGING SOURCE | |
| Original cataloging agency | UkCU |
| Modifying agency | Uk |
| 082 04 - DEWEY DECIMAL CLASSIFICATION NUMBER | |
| Edition number | 22 |
| Classification number | 370.78 |
| Item number | STA |
| 100 1# - MAIN ENTRY--PERSONAL NAME | |
| Personal name | Stake, Robert E. |
| 9 (RLIN) | 34826 |
| 245 14 - TITLE STATEMENT | |
| Title | The art of case study research / |
| Statement of responsibility, etc | Robert E. Stake. |
| 260 ## - PUBLICATION, DISTRIBUTION, ETC. (IMPRINT) | |
| Place of publication, distribution, etc | Thousand Oaks, United States : |
| Name of publisher, distributor, etc | Sage Publications, |
| Date of publication, distribution, etc | c.1995. |
| 300 ## - PHYSICAL DESCRIPTION | |
| Extent | xv, 173 p. : |
| Other physical details | forms, tables ; |
| Dimensions | 24 cm. |
| 500 ## - GENERAL NOTE | |
| General note | Index : p. 169-173. |
| 504 ## - BIBLIOGRAPHY, ETC. NOTE | |
| Bibliography, etc | Bibliography : p. 161-167. |
| 504 ## - BIBLIOGRAPHY, ETC. NOTE | |
| Bibliography, etc | Include bibliographical reference. |
| 650 #0 - SUBJECT ADDED ENTRY--TOPICAL TERM | |
| Topical term or geographic name as entry element | Case method |
| 9 (RLIN) | 34827 |
| 653 ## - INDEX TERM--UNCONTROLLED | |
| Arrived date list | January2014 |
| Resource For college | |
| 655 ## - INDEX TERM--GENRE/FORM | |
| Form subdivision | |
| -- | 34232 |
| 942 ## - ADDED ENTRY ELEMENTS (KOHA) | |
| Source of classification or shelving scheme | Dewey Decimal Classification |
| Call number prefix | 370.78 STA |
| Withdrawn status | Item status | Source of classification or shelving scheme | Damaged status | Not for loan | Vendor | Home library | Current library | Shelving location | Date acquired | Source of acquisition | Total Checkouts | Total Renewals | Full call number | Barcode | Date last seen | Date last borrowed | Koha item type |
|---|---|---|---|---|---|---|---|---|---|---|---|---|---|---|---|---|---|
| Dewey Decimal Classification | Baccah | Central Library | Central Library | First floor | 16/01/2014 | 4 | 8 | 370.78 STA | 000035328 | 15/07/2025 | 28/08/2019 | Book - Borrowing |